LEADER 01149nam--2200361---450- 001 990000569010203316 035 $a0056901 035 $aUSA010056901 035 $a(ALEPH)000056901USA01 035 $a0056901 100 $a20010717d1992----km-y0itay0103----ba 101 $aeng 102 $aUS 105 $a||||||||001yy 200 1 $aEthics$ean international journal of social, political, and legal philosophy$eone hundred year index$eartical and discussion indexed by author$evolumes 1-100, October 1890-July 1990 210 $aChicago, Illinois$cUniversity of Chicago press$dc1992 215 $a61 p.$d23 cm 410 $12001 606 0 $aEthics $xIndici 676 $a051 801 0$aIT$bsalbc$gISBD 912 $a990000569010203316 951 $aFONDO$bLM$cFONDO 959 $aBK 969 $aUMA 979 $aPATTY$b90$c20010717$lUSA01$h1136 979 $aPATTY$b90$c20020312$lUSA01$h1146 979 $aPATTY$b90$c20020312$lUSA01$h1156 979 $aPATTY$b90$c20020312$lUSA01$h1157 979 $c20020403$lUSA01$h1706 979 $aPATRY$b90$c20040406$lUSA01$h1639 996 $aEthics$9308596 997 $aUNISA LEADER 02381nam 2200529 n 450 001 996397090803316 005 20200818212903.0 035 $a(CKB)4940000000064441 035 $a(EEBO)2240902901 035 $a(UnM)99825672e 035 $a(UnM)99825672 035 $a(EXLCZ)994940000000064441 100 $a19941102d1690 uy | 101 0 $aeng 135 $aurbn||||a|bb| 200 14$aThe whole duty of man$b[electronic resource] $elaid down in a plain and familiar way for the use of all, but especially the meanest reader. Divided into XVII. chapters; one whereof being read every Lord's day, the whole may be read over thrice in the year. Necessary for all families. With private devotions for several occasions 210 $aLondon $cprinted by R. Norton for George Pawlet, at the sign of the Bible in Chancery-Lane, near Fleetstreet$d1690 215 $a[24], 472, [8] p., [2] leaves of plates 300 $aPublished anonymously and variously attributed to Lady Dorothy Pakington, Archbishop Sterne, Bishop John Fell, or Humphrey Henchman and others, though generally attributed to Richard Allestree--NUC pre-1956 imprints. 300 $a"To the bookseller" signed: H. Hammond. 300 $aWith an additional engraved title page and frontispiece. 300 $a"Private devotions for several occasions" has separate dated title page; pagination and register are continuous. 300 $aIncludes index. 300 $aWith a final advertisement leaf. 300 $aReproduction of the original in the British Library. 330 $aeebo-0018 606 $aChristian life$vEarly works to 1800 606 $aDevotional exercises$vEarly works to 1800 606 $aPrayers$vEarly works to 1800 615 0$aChristian life 615 0$aDevotional exercises 615 0$aPrayers 700 $aAllestree$b Richard$f1619-1681.$0793142 701 $aHammond$b Henry$f1605-1660.$0322258 702 $aFell$b John$f1625-1686, 702 $aSterne$b Richard$f1596?-1683, 702 $aPakington$b Dorothy Coventry$cLady,$fd. 1679, 702 $aHenchman$b Humphrey$f1592-1675, 702 $aAllestree$b Richard$f1619-1681.$4aut 801 0$bCu-RivES 801 1$bCu-RivES 801 2$bCStRLIN 801 2$bWaOLN 906 $aBOOK 912 $a996397090803316 996 $aThe whole duty of man$92308995 997 $aUNISA